A-Z of House Plants by Picture Quiz - Statistics

General Stats
  • This quiz has been taken 140 times
  • The average score is 9 of 25
Answer Stats
Picture Hint Answer % Correct
B Bonsai
98%
A Aloe Vera
96%
I Ivy
82%
V Venus Flytrap
78%
M Monstera
72%
S Spider Plant
72%
P Peace Lily
63%
R Rubber Plant
52%
Y Yucca
50%
J Jade Plant
47%
H Hoya
36%
E Elephant Ear
30%
N Nerve Plant
28%
D Dumb Cane
27%
U Umbrella Plant
26%
L Lithops
24%
F Fishbone Cactus
10%
G (Crassula) ‘Gollum’
4%
O Oncidium
1%
Q Queen's tears
1%
T Tiger Jaws
1%
W Walking Iris
1%
Z (Aeonium) ‘Zwartkop’
0%
C Chrysalidocarpus
0%
K Kaffir Lily
0%
No matching quizzes found
Score Distribution
Percent of People with Each Score
Percentile by Number Answered
Your Score History
You have not taken this quiz